Política exterior de México : 1983 : documentos y discursos /

La política exterior es el conjunto de orientaciones definidos por un Estado que guían sus relaciones con otros estados y organismos internacionales. En el caso de México, tales orientaciones son plasmadas en el Plan Nacional de Desarrollo. La obra que consta de cinco tomos, reúne los discursos, int...

Ful tanımlama

Kaydedildi:
Detaylı Bibliyografya
Müşterek Yazar: México. Secretaría de Relaciones Exteriores
Materyal Türü: Kitap
Dil:İspanyolca
Baskı/Yayın Bilgisi: México : Secretaría de Relaciones Exteriores, 1984, c1984
Konular:
Etiketler: Etiketle
Etiket eklenmemiş, İlk siz ekleyin!

MARC

LEADER 00000nam^a2200000^a^4500
001 000183897
005 20250521000000.0
009 20260310102058.119
020 |a 968-810-043-9 
037 |a Acervo ITESO - Biblioteca 
041 |a ESP 
082 |a 327. 72  |b MEX SRE 1982-1988 V. 1 
110 |a México.  |b Secretaría de Relaciones Exteriores 
240 1 1 |a [Política exterior de México] 
245 1 0 |a Política exterior de México :  |b 1983 : documentos y discursos / 
264 4 |a México :  |b Secretaría de Relaciones Exteriores,  |c 1984, c1984 
300 |a 278 p. 
336 |a texto  |b txt  |2 rdacontenido 
337 |a sin mediación  |b n  |2 rdamedio 
338 |a volumen  |b nc  |2 rdasoporte 
520 |a La política exterior es el conjunto de orientaciones definidos por un Estado que guían sus relaciones con otros estados y organismos internacionales. En el caso de México, tales orientaciones son plasmadas en el Plan Nacional de Desarrollo. La obra que consta de cinco tomos, reúne los discursos, intervenciones y declaraciones que en diversos actos oficiales pronunciaron Miguel de la Madrid Hurtado como presidente de México y Bernardo Sepúlveda Amor como secretario de relaciones exteriores, durante los años 1983-1987, así como los documentos oficiales que se emitieron en el mismo período. 
649 |a XX 
650 |a Jefes de Estado -  |x Discursos 
650 |a Políticos -  |x Discursos 
650 |a Visitas de Estado -  |z México 
650 |a Diplomacia -  |z México 
650 |a Política Exterior -  |z México -  |x Historia -  |y 1982-1988 
650 |a Política Exterior -  |z México -  |x Historia -  |y Siglo XX 
650 |a Política -  |z México -  |x Historia -  |y 1982-1988 
650 |a Política -  |z México -  |x Historia -  |y Siglo XX 
910 |a Fondo General 
920 |a Impresos - Libros 
930 |a Colección General 
905 |a 101 
901 |a 0500124493  |b IT1  |c ACC  |u 20250521 
902 |a https://opac.biblio.iteso.mx/vufind/Record/000183897